Statystyki dla Bardzo trudny quiz postaci z Marvela

Kliknij tutaj aby rozwiązać quiz!

Ogólne statystyki

  • Ten quiz został rozwiązany 25 razy
  • Średni wynik to 7 z 24

Statystyki odpowiedzi

Odpowiedź% Poprawnych
M.O.D.O.K
73%
Abomination
59%
Nova
59%
Doctor Doom
55%
Namor
55%
Mefisto
50%
Shang Chi
45%
Ares
41%
Adam Warlock
36%
Sentry
36%
The Beyonder
36%
Starfox
32%
Havok
18%
Knull
18%
Arishem
14%
Eternity
14%
Ikaris
14%
Gilgamesh
5%
Infinity
5%
Lord Chaos
5%
Morg
5%
Thane
5%
Tyrant
5%
Xemnu
5%

Rozkład punktacji

Percentyl według liczby udzielonych odpowiedzi

Procent ludzi z każdym wynikiem

Twoja historia wyników

Nie rozwiązałeś tego quizu